000 00621nam a2200229Ia 4500
003 OSt
005 20220924120326.0
006 a|||||r|||| 00| 0
007 ta
008 220923b |||||||| |||| 00| 0 urd d
024 _a317703
037 _cTextual
040 _aARTS
_cARTS
_burd
041 _2urd
_aurd
082 _aO168,3MHA3,1, C3
100 _aDehalvi Zahirat Au.
_9181661
245 0 _aengrna-e-baligh
260 _aDelhi
_bMatba Rai India
_c1893
650 _aURDU FICTION
_93298
942 _hO168,3MHA3,1, C3
_cTEXL
_2CC
999 _c402297
_d402297